Longest Running Procedural TV Franchises - Statistics

General Stats
  • This quiz has been taken 16 times
  • The average score is 6 of 15
Answer Stats
# Answer Series Seasons Years % Correct
1318 NCIS 8 63 1995-Present
100%
1447 Law & Order 8 72 1990-Present
80%
838 CSI 5 39 2000-2016,2021-2024
67%
752 Chicago 4 39 2012-Present
53%
393 Criminal Minds 3 21 2005-2020,2022-Present
40%
331 FBI 3 18 2018-Present
33%
522 Hawaii Five-O 2 22 1968-1980,2010-2020
33%
298 The X-Files 3 15 1993-2002,2016-2018
33%
313 Blue Bloods 2 15 2010-Present
27%
461 The Practice 4 22 1997-2008
27%
149 The Rookie 2 9 2018-Present
27%
213 9-1-1 3 15 2018-Present
20%
259 Bones 2 13 2005-2017
20%
675 Grey's Anatomy 3 35 2005-Present
20%
258 Magnum, P.I. 2 13 1980-1988,2018-2024
20%
No matching quizzes found
Score Distribution
Percent of People with Each Score
Percentile by Number Answered
Your Score History
You have not taken this quiz